[Event "FRA-chT2S 9798"]
[Site "France"]
[Date "1998.??.??"]
[Round "9"]
[White "Le Roch, Jean Louis"]
[Black "Mehr, Nicolas"]
[Result "1/2-1/2"]
[WhiteElo "1880"]
[BlackElo "2075"]
[PlyCount "50"]
[EventDate "1997.??.??"]
[EventType "team"]
[EventRounds "9"]
[EventCountry "FRA"]
[SourceTitle "EXT 2003"]
[Source "ChessBase"]
[SourceDate "2002.11.25"]
[SourceVersion "1"]
[SourceVersionDate "2002.11.25"]
[SourceQuality "1"]

1. d4 d5 2. c4 e6 3. Nc3 Nf6 4. Bg5 Nbd7 5. cxd5 exd5 6. Nf3 Be7 7. e3 0-0 8. Qc2 c6 9. Bd3 Re8 10. 0-0 Nf8 11. Ne5 Ng4 12. Bxe7 Qxe7 13. Nxg4 Bxg4 14. Rae1 Rad8 15. f4 Bc8 16. f5 f6 17. g4 Qd6 18. Qg2 Re7 19. Rf3 Rde8 20. Rg3 Kh8 21. g5 fxg5 22. Rxg5 Qf6 23. Rg3 b5 24. Bxb5 cxb5 25. Nxd5 Qf7 1/2-1/2

[Event "FRA-ch U16"]
[Site "Montlucon"]
[Date "1997.??.??"]
[Round "6"]
[White "Mehr, Nicolas"]
[Black "Kovarcik, Thomas"]
[Result "0-1"]
[WhiteElo "2020"]
[BlackElo "2215"]
[PlyCount "170"]
[EventDate "1997.??.??"]
[EventType "swiss"]
[EventRounds "8"]
[EventCountry "FRA"]
[SourceTitle "EXT 2001"]
[Source "ChessBase"]
[SourceDate "2000.11.22"]
[SourceVersion "1"]
[SourceVersionDate "2000.11.22"]
[SourceQuality "1"]

1. e4 Nc6 2. Nf3 d6 3. d4 Nf6 4. c3 Bg4 5. Be3 e6 6. Nbd2 Be7 7. Bb5 a6 8. Ba4 b5 9. Bb3 d5 10. e5 Nd7 11. h3 Bf5 12. Bc2 Bxc2 13. Qxc2 Nb6 14. b3 0-0 15. 0-0 Na5 16. Ne1 Qd7 17. Nd3 Nb7 18. Rab1 Rac8 19. Nc5 Qc6 20. b4 Nxc5 21. bxc5 Nc4 22. Nxc4 dxc4 23. a4 Ra8 24. Ra1 Qb7 25. Rfb1 c6 26. Rb2 Rfb8 27. Rab1 Qd7 28. Qe4 Qd5 29. Qg4 Rb7 30. h4 Kh8 31. Bd2 Rab8 32. h5 h6 33. Ra2 Ra8 34. Rab2 Bd8 35. Qe2 Rab8 36. f3 a5 37. Qf2 Qd7 38. axb5 Rxb5 39. Bc1 Rb3 40. Qe2 Qd5 41. Ra1 R8b5 42. Rxb3 cxb3 43. Bb2 Qd7 44. Qe4 Rb8 45. Ra4 Qd5 46. Qe2 f5 47. Qd3 Qd7 48. f4 Qe8 49. Qf3 Kh7 50. Kf1 Qd7 51. Qe2 Qb7 52. Qd3 Qb5 53. Qc4 g6 54. hxg6+ Kxg6 55. Kf2 Qxc4 56. Rxc4 Bc7 57. Kf3 Kh5 58. Ra4 Kh4 59. Ra1 Kh5 60. Ra4 Kg6 61. Ra3 h5 62. g3 Bd8 63. Kg2 Rb5 64. Ra1 Rb7 65. Ra3 Kh6 66. Kf3 Rb5 67. Kg2 h4 68. gxh4 Bxh4 69. Kf3 Bd8 70. Ra1 Rb7 71. Rh1+ Kg7 72. Ra1 Bc7 73. Kg3 Rb8 74. Ra3 Kh6 75. Kf3 Kh5 76. Ra1 Ra8 77. Ra4 Rb8 78. Ra1 Kg6 79. Rg1+ Kf7 80. Rh1 Bd8 81. Ra1 Ra8 82. Ra4 Ra7 83. Kg3 Kg6 84. Kf2 Kh5 85. Kf3 Bh4 0-1

[Event "FRA-chT2S"]
[Site "France"]
[Date "1997.??.??"]
[Round "1"]
[White "Mehr, Nicolas"]
[Black "Rue, David"]
[Result "1/2-1/2"]
[WhiteElo "2060"]
[BlackElo "2080"]
[PlyCount "91"]
[EventDate "1997.??.??"]
[EventType "team"]
[EventRounds "9"]
[EventCountry "FRA"]
[SourceTitle "EXT 2007"]
[Source "ChessBase"]
[SourceDate "2006.11.23"]
[SourceVersion "1"]
[SourceVersionDate "2006.11.23"]
[SourceQuality "1"]
[WhiteTeam "Lyon"]
[BlackTeam "Clermont Ferrand"]
[WhiteTeamCountry "FRA"]
[BlackTeamCountry "FRA"]

1. e4 d6 2. d4 Nf6 3. Nc3 g6 4. Nf3 Bg7 5. Be3 0-0 6. Qd2 c6 7. Bh6 Nbd7 8. Bxg7 Kxg7 9. a4 Qa5 10. Bd3 e5 11. 0-0 Re8 12. Rfe1 Nf8 13. Ne2 Qxd2 14. Nxd2 exd4 15. Nxd4 Ne6 16. Nxe6+ Bxe6 17. e5 dxe5 18. Rxe5 Rad8 19. Rae1 Nd7 20. Ra5 b6 21. Rxa7 Nc5 22. Re3 Nxd3 23. cxd3 Bf5 24. d4 c5 25. d5 Rxe3 26. fxe3 Rxd5 27. Nf3 Be4 28. Kf2 Bxf3 29. Kxf3 Rd2 30. Rb7 Rxb2 31. a5 b5 32. a6 b4 33. Rb5 Ra2 34. Rxc5 Rxa6 35. Rb5 Ra4 36. Rb6 Kf8 37. Rb7 Kg7 38. Rb6 Kf8 39. Rb7 Kg7 40. Rb6 h5 41. h4 f6 42. Rb7+ Kf8 43. g3 Ke8 44. Ke4 f5+ 45. Ke5 Ra3 46. Rxb4 1/2-1/2

[Event "Val Thorens A"]
[Site "Val Thorens"]
[Date "1996.??.??"]
[Round "1"]
[White "Delchev, Aleksander"]
[Black "Mehr, Nicolas"]
[Result "1-0"]
[WhiteElo "2510"]
[BlackElo "1980"]
[PlyCount "87"]
[EventDate "1996.??.??"]
[EventType "swiss"]
[EventRounds "9"]
[EventCountry "FRA"]
[SourceTitle "EXT 2004"]
[Source "ChessBase"]
[SourceDate "2003.11.25"]
[SourceVersion "1"]
[SourceVersionDate "2003.11.25"]
[SourceQuality "1"]

1. e4 e5 2. Nf3 Nc6 3. Bb5 a6 4. Ba4 Nf6 5. 0-0 Be7 6. Qe2 b5 7. Bb3 d6 8. c3 0-0 9. Rd1 Na5 10. Bc2 c5 11. d4 Qc7 12. d5 c4 13. b4 cxb3 14. axb3 Bd7 15. Ba3 Bg4 16. h3 Bxf3 17. Qxf3 Rfc8 18. Rc1 Bf8 19. Nd2 Qb6 20. Bd3 Rc7 21. Bf1 Ne8 22. b4 Nc4 23. Nxc4 bxc4 24. Rc2 Qb5 25. Bc1 a5 26. Rca2 a4 27. Qd1 Rca7 28. Be3 Ra6 29. Qe2 Rc8 30. Qc2 Rca8 31. Ra3 Nf6 32. Qa2 Rc8 33. f3 Be7 34. Rxa4 Rxa4 35. Qxa4 Qxa4 36. Rxa4 Kf8 37. Ra6 Ke8 38. g3 Nd7 39. Rc6 Ra8 40. Bxc4 Nb8 41. Rc8+ Kd7 42. Rg8 Bf6 43. Bb6 Ra1+ 44. Kg2 1-0

[Event "FRA-chT U18"]
[Site "France"]
[Date "1996.??.??"]
[Round "?"]
[White "Mehr, Nicolas"]
[Black "Abergel, Thal"]
[Result "1/2-1/2"]
[WhiteElo "1870"]
[BlackElo "1850"]
[PlyCount "95"]
[EventDate "1996.??.??"]
[EventType "team"]
[EventRounds "11"]
[EventCountry "FRA"]
[SourceTitle "EXT 2004"]
[Source "ChessBase"]
[SourceDate "2003.11.25"]
[SourceVersion "1"]
[SourceVersionDate "2003.11.25"]
[SourceQuality "1"]

1. e4 c5 2. f4 Nc6 3. Nc3 e6 4. Nf3 d5 5. Bb5 a6 6. Bxc6+ bxc6 7. d3 Ne7 8. 0-0 Ng6 9. Qe1 Be7 10. b3 0-0 11. Na4 a5 12. c4 Re8 13. g3 Qc7 14. Ba3 Qa7 15. Qf2 d4 16. Nd2 e5 17. f5 Nf8 18. Nf3 Nd7 19. g4 f6 20. h4 Nb6 21. g5 Rb8 22. Qg3 Nxa4 23. bxa4 Ba6 24. h5 fxg5 25. Nxg5 Bf6 26. Ne6 h6 27. Rf2 Bc8 28. Bxc5 Qf7 29. Bd6 Rb6 30. Bxe5 Bxe5 31. Qxe5 Bxe6 32. fxe6 Rxe6 33. Qxa5 Qc7 34. Qe1 Qg3+ 35. Rg2 Qxd3 36. Qh4 Qe3+ 37. Kh2 Rxe4 38. Qd8+ Kh7 39. Rxg7+ Kxg7 40. Rg1+ Qxg1+ 41. Kxg1 Rb1+ 42. Kf2 Rb2+ 43. Kf3 Re3+ 44. Kf4 Rf2+ 45. Kg4 Rg2+ 46. Kf4 Rf2+ 47. Kg4 Rg2+ 48. Kf4 1/2-1/2

[Event "FRA-chT U18"]
[Site "France"]
[Date "1996.??.??"]
[Round "?"]
[White "Mehr, Nicolas"]
[Black "Le Roux, Jean Pierre"]
[Result "1/2-1/2"]
[WhiteElo "1870"]
[BlackElo "2195"]
[PlyCount "51"]
[EventDate "1996.??.??"]
[EventType "team"]
[EventRounds "11"]
[EventCountry "FRA"]
[SourceTitle "EXT 2004"]
[Source "ChessBase"]
[SourceDate "2003.11.25"]
[SourceVersion "1"]
[SourceVersionDate "2003.11.25"]
[SourceQuality "1"]

1. e4 c5 2. d4 cxd4 3. c3 Nc6 4. cxd4 d5 5. exd5 Qxd5 6. Nf3 Bg4 7. Nc3 Bxf3 8. gxf3 Qxd4 9. Qxd4 Nxd4 10. Nb5 Ne6 11. f4 g6 12. Bg2 Bg7 13. Bxb7 Rb8 14. Bc6+ Kf8 15. 0-0 a6 16. Nc3 Nh6 17. Rd1 Nd4 18. Be4 Nhf5 19. Be3 Bf6 20. Rd2 Kg7 21. Nd5 Rhd8 22. Rad1 Ne6 23. Nxf6 Kxf6 24. Rxd8 Nxd8 25. Bd2 Nd6 26. Bc3+ 1/2-1/2

[Event "Val Thorens A"]
[Site "Val Thorens"]
[Date "1996.??.??"]
[Round "4"]
[White "Mehr, Nicolas"]
[Black "Olivier, Jean Christophe"]
[Result "0-1"]
[WhiteElo "1980"]
[BlackElo "2280"]
[PlyCount "114"]
[EventDate "1996.??.??"]
[EventType "swiss"]
[EventRounds "9"]
[EventCountry "FRA"]
[SourceTitle "EXT 2004"]
[Source "ChessBase"]
[SourceDate "2003.11.25"]
[SourceVersion "1"]
[SourceVersionDate "2003.11.25"]
[SourceQuality "1"]

1. e4 c5 2. d4 cxd4 3. c3 dxc3 4. Nxc3 Nc6 5. Nf3 d6 6. Bc4 e6 7. 0-0 Be7 8. Qe2 Nf6 9. Rd1 e5 10. h3 0-0 11. Be3 Be6 12. Rac1 Bxc4 13. Qxc4 Qd7 14. b4 Rfc8 15. Qb3 b5 16. a3 Qb7 17. Bg5 Ne8 18. Be3 Nd8 19. Qd5 a6 20. Qxb7 Nxb7 21. Nd5 Bd8 22. Bg5 f6 23. Be3 Kf7 24. Kf1 Ke6 25. g4 Kd7 26. Nd2 Rxc1 27. Rxc1 Rc8 28. Rxc8 Kxc8 29. Ke2 Kd7 30. Nb1 Bc7 31. Kd3 Nd8 32. Nbc3 Ne6 33. h4 g6 34. f4 exf4 35. Nxf4 Nxf4+ 36. Bxf4 Bd8 37. Nd5 Nc7 38. Be3 Kc6 39. Kd4 f5 40. gxf5 gxf5 41. Nxc7 Bf6+ 42. Kd3 fxe4+ 43. Kxe4 Kxc7 44. Kd5 Bxh4 45. Bf4 Kd7 46. Bxd6 Bf6 47. Bg3 Bb2 48. Kc5 Bxa3 49. Be1 Kc7 50. Kd5 Bc1 51. Bg3+ Kd7 52. Be1 Bg5 53. Ke5 Bd8 54. Kd5 h5 55. Ke5 h4 56. Kf4 h3 57. Kg3 Bh4+ 0-1